|
|
|
|
| LEADER |
00982nam a22002892a 4500 |
| 001 |
000043643 |
| 003 |
CZ BrMZK |
| 005 |
20060124100528.0 |
| 007 |
ta |
| 008 |
951201s1991 xr f cze d |
| 015 |
|
|
|a cnb000071409
|
| 020 |
|
|
|a 80-900197-2-2
|
| 035 |
|
|
|a (OCoLC)32147903
|
| 040 |
|
|
|a BOA001
|b cze
|
| 080 |
|
|
|a 943.7"1918/1919"
|2 MRF
|
| 080 |
|
|
|a 885.0-4
|2 MRF
|
| 100 |
1 |
|
|a Weiner, Richard,
|d 1884-1937
|7 jk01151496
|4 aut
|
| 245 |
1 |
0 |
|a Třásničky dějinných dnů :
|b 1918-1919 /
|c Richard Weiner
|
| 250 |
|
|
|a 2.upr.vyd., 1.vyd.v nakl.Elfa
|
| 260 |
|
|
|a Praha :
|b Elfa,
|c 1991
|
| 300 |
|
|
|a 144 s.
|
| 910 |
|
|
|a BOA001
|b PK-0116.686
|b 2-0975.723
|
| 920 |
|
|
|a 000230944
|
| 964 |
|
|
|a Československo - vznik - význam mezinárodní - fejetony
|
| 990 |
|
|
|a BK
|
| 996 |
7 |
|
|b 2619898302
|c 2-0975.723
|l MZK
|r Sklad / do 1 hodiny
|n 13
|w 000043643
|u 000020
|a 1
|e BOA001
|j MZK50
|s A
|
| 996 |
7 |
|
|b 3119985988
|c PK-0116.686
|l MZK
|r Sklad / do 1 hodiny
|n 9
|w 000043643
|u 000010
|a 1
|e BOA001
|j MZK50
|s A
|